[Event "WCO2014"]
[Site "Tromso"]
[Date "2014.08.05"]
[Round "4.27"]
[WhiteID "6104347"]
[White "Garcia Ricardo  Nca"]
[BlackID "7200013"]
[Black "Rodgaard John"]
[Result "1-0"]
[LiveChessVersion "1.4.3"]
[BlackElo "2361"]
[WhiteElo "2215"]

1. Nf3 {[%clk 1:30:45]} d5 {[%clk 1:30:23]} 2. c4 {[%clk 1:31:08]} e6
{[%clk 1:30:43]} 3. e3 {[%clk 1:31:04]} Nf6 {[%clk 1:29:30]} 4. b3
{[%clk 1:31:29]} Be7 {[%clk 1:28:09]} 5. Bb2 {[%clk 1:31:52]} O-O
{[%clk 1:27:31]} 6. d4 {[%clk 1:32:00]} b6 {[%clk 1:19:28]} 7. Bd3
{[%clk 1:31:56]} Bb7 {[%clk 1:15:46]} 8. O-O {[%clk 1:31:58]} c5 {[%clk 1:13:25]}
9. Qe2 {[%clk 1:28:34]} Nbd7 {[%clk 0:56:54]} 10. Nbd2 {[%clk 1:25:24]} Rc8
{[%clk 0:52:25]} 11. e4 {[%clk 1:21:16]} dxe4 {[%clk 0:45:59]} 12. Nxe4
{[%clk 1:21:36]} Nxe4 {[%clk 0:42:04]} 13. Bxe4 {[%clk 1:22:00]} Bxe4
{[%clk 0:42:28]} 14. Qxe4 {[%clk 1:22:24]} Bf6 {[%clk 0:42:04]} 15. Rad1
{[%clk 1:19:30]} Qc7 {[%clk 0:39:31]} 16. Rd2 {[%clk 1:07:42]} Rfd8
{[%clk 0:31:12]} 17. Rfd1 {[%clk 1:03:42]} h6 {[%clk 0:28:34]} 18. g3
{[%clk 1:03:17]} a6 {[%clk 0:24:54]} 19. Qe2 {[%clk 0:59:40]} cxd4
{[%clk 0:16:41]} 20. Nxd4 {[%clk 0:50:28]} Nf8 {[%clk 0:13:14]} 21. Qg4
{[%clk 0:47:58]} Kh8 {[%clk 0:12:19]} 22. h4 {[%clk 0:41:39]} Rd7
{[%clk 0:08:35]} 23. Ba3 {[%clk 0:39:00]} e5 {[%clk 0:07:44]} 24. Nb5
{[%clk 0:35:40]} axb5 {[%clk 0:07:36]} 25. Rxd7 {[%clk 0:36:04]} Nxd7
{[%clk 0:07:44]} 26. Rxd7 {[%clk 0:36:24]} Qc6 {[%clk 0:07:45]} 27. cxb5
{[%clk 0:29:39]} Qxb5 {[%clk 0:05:43]} 28. Rxf7 {[%clk 0:29:33]} Rg8
{[%clk 0:05:23]} 29. Qg6 {[%clk 0:27:33]} Qc6 {[%clk 0:03:38]} 30. Bf8
{[%clk 0:25:55]} Qc1+ {[%clk 0:02:42]} 31. Kh2 {[%clk 0:25:59]} Qd2
{[%clk 0:02:24]} 32. Rxf6 {[%clk 0:23:00]} gxf6 {[%clk 0:02:47]} 33. Qxf6+
{[%clk 0:23:23]} Kh7 {[%clk 0:03:12]} 34. Qf5+ {[%clk 0:22:30]} Kh8
{[%clk 0:03:25]} 35. Qxe5+ {[%clk 0:22:51]} Kh7 {[%clk 0:03:51]} 36. Qf5+
{[%clk 0:22:09]} Kh8 {[%clk 0:04:18]} 37. Qf6+ {[%clk 0:21:49]} Kh7
{[%clk 0:04:46]} 38. Qf7+ {[%clk 0:22:11]} Kh8 {[%clk 0:05:04]} 39. Be7
{[%clk 0:22:34]} Rg7 {[%clk 0:04:46]} 40. Qf5 {[%clk 0:19:19]} Kg8
{[%clk 0:02:53]} 41. Bf6 {[%clk 0:17:18]} Rf7 {[%clk 0:01:34]} 42. h5
{[%clk 0:15:46]} Rd7 {[%clk 0:22:06]} 43. Bc3 {[%clk 0:44:22]} Qd6
{[%clk 0:16:47]} 44. Qg4+ {[%clk 0:35:56]} Kf7 {[%clk 0:10:19]} 45. Qg7+
{[%clk 0:34:07]} Ke8 {[%clk 0:10:17]} 46. Qg8+ {[%clk 0:34:10]} Ke7
{[%clk 0:08:49]} 47. Bg7 {[%clk 0:32:36]} Qd1 {[%clk 0:07:24]} 48. Bf8+
{[%clk 0:29:30]} Kf6 {[%clk 0:07:46]} 49. Qg6+ {[%clk 0:29:25]} Ke5
{[%clk 0:08:11]} 50. Bxh6 {[%clk 0:26:29]} Qf3 {[%clk 0:05:51]} 51. Qe8+
{[%clk 0:24:18]} Kf6 {[%clk 0:04:18]} 52. Bg5+ {[%clk 0:23:21]} Kxg5
{[%clk 0:04:05]} 53. Qg6# {[%clk 0:23:41]} 1-0

[Event "WCO2014"]
[Site "Tromso"]
[Date "2014.08.05"]
[Round "4.26"]
[WhiteID "7200420"]
[White "Berg Olaf"]
[BlackID "6100678"]
[Black "Ortiz Marcos"]
[Result "0-1"]
[LiveChessVersion "1.4.3"]
[BlackElo "2214"]
[WhiteElo "2320"]

1. e4 {[%clk 1:30:56]} c5 {[%clk 1:30:44]} 2. Nc3 {[%clk 1:31:20]} e6
{[%clk 1:30:29]} 3. g3 {[%clk 1:25:56]} a6 {[%clk 1:30:52]} 4. Bg2
{[%clk 1:26:03]} b5 {[%clk 1:31:18]} 5. a3 {[%clk 1:22:09]} Bb7 {[%clk 1:31:05]}
6. Nge2 {[%clk 1:22:14]} d6 {[%clk 1:30:26]} 7. d4 {[%clk 1:21:38]} cxd4
{[%clk 1:29:36]} 8. Nxd4 {[%clk 1:21:50]} Nf6 {[%clk 1:29:45]} 9. O-O
{[%clk 1:20:58]} Nbd7 {[%clk 1:29:27]} 10. f4 {[%clk 1:17:56]} Qc7
{[%clk 1:28:34]} 11. Re1 {[%clk 1:10:38]} O-O-O {[%clk 1:26:49]} 12. Be3
{[%clk 1:02:56]} Nc5 {[%clk 1:27:06]} 13. Bf2 {[%clk 1:00:12]} d5
{[%clk 1:25:54]} 14. e5 {[%clk 0:55:31]} Nfe4 {[%clk 1:26:17]} 15. Nxe4
{[%clk 0:54:45]} Nxe4 {[%clk 1:25:11]} 16. Be3 {[%clk 0:45:49]} h5
{[%clk 1:22:13]} 17. a4 {[%clk 0:40:54]} b4 {[%clk 1:22:29]} 18. c3
{[%clk 0:40:05]} bxc3 {[%clk 1:18:41]} 19. Rc1 {[%clk 0:39:11]} Bb4
{[%clk 1:18:25]} 20. bxc3 {[%clk 0:32:26]} Ba5 {[%clk 1:10:53]} 21. Nb3
{[%clk 0:26:44]} Bb6 {[%clk 1:09:43]} 22. Bd4 {[%clk 0:23:32]} Kb8
{[%clk 1:01:33]} 23. a5 {[%clk 0:21:43]} Ba7 {[%clk 1:00:16]} 24. Bxa7+
{[%clk 0:19:28]} Kxa7 {[%clk 1:00:40]} 25. Qd4+ {[%clk 0:19:53]} Ka8
{[%clk 1:00:58]} 26. c4 {[%clk 0:18:26]} Qd7 {[%clk 0:43:14]} 27. cxd5
{[%clk 0:16:45]} exd5 {[%clk 0:41:30]} 28. Qb6 {[%clk 0:10:53]} Rc8
{[%clk 0:31:48]} 29. Bxe4 {[%clk 0:04:15]} dxe4 {[%clk 0:32:13]} 30. Nc5
{[%clk 0:04:20]} Qd4+ {[%clk 0:30:19]} 31. Kf1 {[%clk 0:04:28]} Rxc5
{[%clk 0:22:31]} 32. Qxc5 {[%clk 0:04:52]} Qd3+ {[%clk 0:22:58]} 33. Re2
{[%clk 0:04:02]} h4 {[%clk 0:20:22]} 34. Rc3 {[%clk 0:01:27]} Qd1+
{[%clk 0:17:53]} 35. Re1 {[%clk 0:01:53]} Qd2 {[%clk 0:16:44]} 36. Rb1
{[%clk 0:00:33]} hxg3 {[%clk 0:13:53]} 37. h3 {[%clk 0:00:58]} e3
{[%clk 0:09:18]} 38. Qxe3 {[%clk 0:01:03]} Qg2+ {[%clk 0:09:34]} 39. Ke1
{[%clk 0:01:30]} Qh1+ {[%clk 0:09:57]} 0-1

[Event "WCO2014"]
[Site "Tromso"]
[Date "2014.08.05"]
[Round "4.25"]
[WhiteID "6100961"]
[White "Madrigal Mariano"]
[BlackID "7200404"]
[Black "Nielsen Hogni Egilstoft"]
[Result "1/2-1/2"]
[LiveChessVersion "1.4.3"]
[BlackElo "2256"]
[WhiteElo "2156"]

1. e4 {[%clk 1:30:56]} e5 {[%clk 1:30:43]} 2. Nf3 {[%clk 1:31:20]} Nc6
{[%clk 1:30:52]} 3. Bb5 {[%clk 1:31:40]} a6 {[%clk 1:31:02]} 4. Ba4
{[%clk 1:31:47]} Nf6 {[%clk 1:31:17]} 5. d3 {[%clk 1:32:00]} b5 {[%clk 1:30:49]}
6. Bb3 {[%clk 1:32:23]} Be7 {[%clk 1:31:03]} 7. Nbd2 {[%clk 1:31:43]} d6
{[%clk 1:28:55]} 8. c3 {[%clk 1:31:29]} O-O {[%clk 1:27:52]} 9. Nf1
{[%clk 1:30:34]} Be6 {[%clk 1:25:34]} 10. Ng3 {[%clk 1:27:45]} Qd7
{[%clk 1:16:19]} 11. O-O {[%clk 1:26:13]} a5 {[%clk 0:54:35]} 12. a4
{[%clk 1:14:49]} b4 {[%clk 0:49:49]} 13. d4 {[%clk 1:10:51]} exd4
{[%clk 0:47:17]} 14. cxd4 {[%clk 1:09:32]} Bg4 {[%clk 0:43:47]} 15. Be3
{[%clk 1:04:06]} d5 {[%clk 0:33:51]} 16. e5 {[%clk 0:54:13]} Ne4 {[%clk 0:32:38]}
17. Qc1 {[%clk 0:49:06]} Nxg3 {[%clk 0:27:53]} 18. fxg3 {[%clk 0:40:18]} Nd8
{[%clk 0:23:15]} 19. Qd2 {[%clk 0:31:08]} Ne6 {[%clk 0:21:56]} 20. Rac1
{[%clk 0:28:05]} Bh5 {[%clk 0:21:05]} 21. Ne1 {[%clk 0:24:27]} Bg6
{[%clk 0:15:46]} 22. Nd3 {[%clk 0:23:53]} Rac8 {[%clk 0:12:58]} 23. Nf4
{[%clk 0:21:48]} Be4 {[%clk 0:12:48]} 24. Bd1 {[%clk 0:16:03]} Nxf4
{[%clk 0:06:59]} 25. Rxf4 {[%clk 0:12:17]} b3 {[%clk 0:03:30]} 26. Bg4
{[%clk 0:08:35]} Qxa4 {[%clk 0:03:27]} 27. Bxc8 {[%clk 0:08:54]} Rxc8
{[%clk 0:03:53]} 28. Rff1 {[%clk 0:07:53]} Bb4 {[%clk 0:03:36]} 29. Qf2
{[%clk 0:07:32]} Qd7 {[%clk 0:03:10]} 30. Bd2 {[%clk 0:07:21]} Bd3
{[%clk 0:01:22]} 31. Rfe1 {[%clk 0:07:35]} Qb5 {[%clk 0:01:07]} 32. Bxb4
{[%clk 0:05:04]} Qxb4 {[%clk 0:01:29]} 33. Qe3 {[%clk 0:04:39]} Be4
{[%clk 0:01:00]} 34. Qc3 {[%clk 0:03:48]} Qb5 {[%clk 0:01:05]} 35. h4
{[%clk 0:01:17]} a4 {[%clk 0:00:59]} 36. Ra1 {[%clk 0:01:39]} c5 {[%clk 0:00:54]}
37. dxc5 {[%clk 0:01:23]} h6 {[%clk 0:00:40]} 38. Qd4 {[%clk 0:00:59]} Qxc5
{[%clk 0:00:58]} 39. Qxc5 {[%clk 0:00:48]} Rxc5 {[%clk 0:01:26]} 40. Rxa4
{[%clk 0:00:54]} Rc2 {[%clk 0:01:40]} 41. Raxe4 {[%clk 0:00:44]} dxe4
{[%clk 0:02:06]} 42. Rxe4 {[%clk 0:01:13]} Rxb2 {[%clk 0:02:19]} 43. Rb4
{[%clk 0:01:11]} Kf8 {[%clk 0:24:45]} 44. Rb7 {[%clk 0:32:07]} Rb1+
{[%clk 0:24:29]} 45. Kf2 {[%clk 0:31:17]} b2 {[%clk 0:23:50]} 46. g4
{[%clk 0:29:52]} Ke8 {[%clk 0:22:21]} 47. Kg3 {[%clk 0:27:06]} Kd8
{[%clk 0:20:39]} 48. Rb4 {[%clk 0:20:25]} Kd7 {[%clk 0:19:28]} 49. Rb6
{[%clk 0:19:08]} Kc7 {[%clk 0:19:09]} 50. Rb5 {[%clk 0:19:21]} Kc6
{[%clk 0:19:25]} 51. Rb8 {[%clk 0:19:22]} Kd5 {[%clk 0:18:55]} 52. Rb5+
{[%clk 0:19:01]} Ke4 {[%clk 0:19:03]} 53. Rb4+ {[%clk 0:16:18]} Kxe5
{[%clk 0:19:08]} 54. Rb5+ {[%clk 0:16:38]} Kd4 {[%clk 0:16:50]} 55. Rb8
{[%clk 0:16:54]} Ke3 {[%clk 0:16:24]} 56. Re8+ {[%clk 0:16:27]} Kd3
{[%clk 0:16:43]} 57. Rd8+ {[%clk 0:16:42]} Ke2 {[%clk 0:17:01]} 58. Rb8
{[%clk 0:14:59]} Kf1 {[%clk 0:15:21]} 59. Kh2 {[%clk 0:15:08]} Kf2
{[%clk 0:11:39]} 60. Rb7 {[%clk 0:15:14]} f6 {[%clk 0:11:37]} 61. h5
{[%clk 0:14:17]} Ke3 {[%clk 0:10:35]} 62. Kg3 {[%clk 0:14:27]} 1/2-1/2

[Event "WCO2014"]
[Site "Tromso"]
[Date "2014.08.05"]
[Round "4.48"]
[WhiteID "14903474"]
[White "Markos Jan"]
[BlackID "3400042"]
[Black "Vasquez Schroeder Rodrigo"]
[Result "1/2-1/2"]
[LiveChessVersion "1.4.3"]
[BlackElo "2533"]
[WhiteElo "2602"]

1. d4 {[%clk 1:30:58]} Nf6 {[%clk 1:30:55]} 2. c4 {[%clk 1:31:24]} e6
{[%clk 1:31:20]} 3. Nf3 {[%clk 1:27:51]} Bb4+ {[%clk 1:31:43]} 4. Bd2
{[%clk 1:28:08]} Qe7 {[%clk 1:31:56]} 5. g3 {[%clk 1:28:21]} Nc6 {[%clk 1:32:19]}
6. Bg2 {[%clk 1:28:41]} Bxd2+ {[%clk 1:32:41]} 7. Nbxd2 {[%clk 1:28:36]} d6
{[%clk 1:33:03]} 8. O-O {[%clk 1:28:55]} a5 {[%clk 1:33:26]} 9. Rc1
{[%clk 1:13:44]} O-O {[%clk 1:30:23]} 10. c5 {[%clk 1:11:42]} dxc5
{[%clk 1:28:51]} 11. dxc5 {[%clk 1:12:06]} e5 {[%clk 1:28:47]} 12. Ng5
{[%clk 1:06:18]} Rd8 {[%clk 1:28:25]} 13. Bxc6 {[%clk 1:02:48]} bxc6
{[%clk 1:27:08]} 14. Qc2 {[%clk 1:03:12]} h6 {[%clk 1:25:01]} 15. Nge4
{[%clk 1:03:28]} Nxe4 {[%clk 1:24:54]} 16. Nxe4 {[%clk 1:03:52]} Bf5
{[%clk 1:24:41]} 17. Rfd1 {[%clk 0:53:34]} Rd4 {[%clk 1:23:59]} 18. Rxd4
{[%clk 0:53:54]} exd4 {[%clk 1:24:20]} 19. f3 {[%clk 0:54:21]} Re8
{[%clk 1:19:43]} 20. Qd3 {[%clk 0:46:44]} Bxe4 {[%clk 1:18:46]} 21. fxe4
{[%clk 0:47:07]} Qxe4 {[%clk 1:18:31]} 22. Qxe4 {[%clk 0:47:32]} Rxe4
{[%clk 1:18:55]} 23. Kf2 {[%clk 0:48:00]} Re5 {[%clk 1:18:46]} 24. Rc4
{[%clk 0:47:30]} Rd5 {[%clk 1:18:55]} 25. Ra4 {[%clk 0:40:47]} Rxc5
{[%clk 1:18:56]} 26. Rxd4 {[%clk 0:41:12]} Kf8 {[%clk 1:05:39]} 27. Rd8+
{[%clk 0:31:25]} Ke7 {[%clk 1:05:58]} 28. Ra8 {[%clk 0:31:53]} h5
{[%clk 1:03:49]} 29. b3 {[%clk 0:31:47]} g6 {[%clk 1:03:54]} 30. h4
{[%clk 0:20:33]} Re5 {[%clk 1:02:26]} 31. Kf3 {[%clk 0:20:49]} Kd6
{[%clk 1:02:22]} 32. Ra7 {[%clk 0:17:48]} Rf5+ {[%clk 0:58:30]} 33. Ke3
{[%clk 0:17:58]} f6 {[%clk 0:58:36]} 34. Ra8 {[%clk 0:18:07]} g5 {[%clk 0:58:43]}
35. hxg5 {[%clk 0:11:58]} fxg5 {[%clk 0:57:48]} 36. Rh8 {[%clk 0:12:22]} g4
{[%clk 0:56:37]} 37. Rh7 {[%clk 0:11:49]} Re5+ {[%clk 0:41:21]} 38. Kd3
{[%clk 0:12:03]} Rd5+ {[%clk 0:41:19]} 39. Ke3 {[%clk 0:11:53]} Re5+
{[%clk 0:40:05]} 40. Kd3 {[%clk 0:12:16]} 1/2-1/2

[Event "WCO2014"]
[Site "Tromso"]
[Date "2014.08.05"]
[Round "4.47"]
[WhiteID "3408027"]
[White "Flores Rios Mauricio"]
[BlackID "14900017"]
[Black "Ftacnik Lubomir"]
[Result "0-1"]
[LiveChessVersion "1.4.3"]
[BlackElo "2571"]
[WhiteElo "2537"]

1. d4 {[%clk 1:30:58]} Nf6 {[%clk 1:30:53]} 2. c4 {[%clk 1:31:22]} g6
{[%clk 1:31:18]} 3. Nc3 {[%clk 1:31:49]} d5 {[%clk 1:31:39]} 4. Nf3
{[%clk 1:32:17]} Bg7 {[%clk 1:31:58]} 5. Qb3 {[%clk 1:32:44]} dxc4
{[%clk 1:31:56]} 6. Qxc4 {[%clk 1:33:11]} O-O {[%clk 1:32:08]} 7. e4
{[%clk 1:33:39]} Bg4 {[%clk 1:27:57]} 8. Be3 {[%clk 1:34:01]} Nfd7
{[%clk 1:28:02]} 9. O-O-O {[%clk 1:34:25]} e5 {[%clk 1:14:42]} 10. dxe5
{[%clk 1:22:32]} Nc6 {[%clk 1:14:54]} 11. h3 {[%clk 1:18:23]} Be6
{[%clk 1:02:00]} 12. Qb5 {[%clk 1:13:07]} Qc8 {[%clk 0:59:21]} 13. Ng5
{[%clk 1:07:20]} a6 {[%clk 0:58:18]} 14. Qe2 {[%clk 1:03:56]} Ndxe5
{[%clk 0:58:13]} 15. Nxe6 {[%clk 0:56:15]} Qxe6 {[%clk 0:58:35]} 16. Nd5
{[%clk 0:50:14]} Ne7 {[%clk 0:44:10]} 17. Nxe7+ {[%clk 0:47:10]} Qxe7
{[%clk 0:42:00]} 18. f4 {[%clk 0:38:21]} Nd7 {[%clk 0:32:19]} 19. Qc2
{[%clk 0:32:36]} b5 {[%clk 0:30:52]} 20. Be2 {[%clk 0:27:32]} c5 {[%clk 0:30:30]}
21. Bf3 {[%clk 0:23:35]} Bd4 {[%clk 0:20:23]} 22. Bxd4 {[%clk 0:19:09]} cxd4
{[%clk 0:20:50]} 23. Kb1 {[%clk 0:19:19]} Nc5 {[%clk 0:19:38]} 24. Rxd4
{[%clk 0:16:51]} Ne6 {[%clk 0:19:32]} 25. Rd2 {[%clk 0:16:46]} Nxf4
{[%clk 0:19:25]} 26. Rc1 {[%clk 0:16:33]} Rad8 {[%clk 0:18:28]} 27. a3
{[%clk 0:16:01]} Ne6 {[%clk 0:14:50]} 28. Rd5 {[%clk 0:15:36]} Nd4
{[%clk 0:12:03]} 29. Qd3 {[%clk 0:15:47]} Nxf3 {[%clk 0:12:08]} 30. Qxf3
{[%clk 0:14:26]} Rc8 {[%clk 0:11:40]} 31. Rxc8 Rxc8 32. Qd3 {[%clk 0:11:40]} Rc4
{[%clk 0:08:57]} 33. Rd4 {[%clk 0:08:06]} Rxd4 {[%clk 0:06:12]} 34. Qxd4
{[%clk 0:08:34]} h5 {[%clk 0:06:23]} 35. g4 {[%clk 0:06:41]} Qh4 {[%clk 0:03:21]}
36. gxh5 {[%clk 0:06:55]} Qxh5 {[%clk 0:03:50]} 37. Qc3 {[%clk 0:05:11]} Qe2
{[%clk 0:03:01]} 38. e5 {[%clk 0:04:52]} Kh7 {[%clk 0:02:35]} 39. Qc7
{[%clk 0:01:18]} Qd1+ {[%clk 0:01:12]} 40. Ka2 {[%clk 0:01:46]} Qd5+
{[%clk 0:01:35]} 41. Kb1 {[%clk 0:01:24]} Kh6 {[%clk 0:00:31]} 42. Qe7
{[%clk 0:20:37]} Kh5 {[%clk 0:26:46]} 43. Ka1 {[%clk 0:15:34]} Qe6
{[%clk 0:24:31]} 44. Qb7 {[%clk 0:15:02]} Kh4 {[%clk 0:18:24]} 45. Qf3
{[%clk 0:14:19]} Qf5 {[%clk 0:18:17]} 46. Qe3 {[%clk 0:11:42]} g5
{[%clk 0:18:00]} 47. Ka2 {[%clk 0:11:01]} Qf4 {[%clk 0:12:44]} 48. Qa7
{[%clk 0:07:15]} Kxh3 {[%clk 0:12:16]} 49. Qxa6 {[%clk 0:06:18]} Qxe5
{[%clk 0:11:42]} 50. a4 {[%clk 0:05:17]} Qd5+ {[%clk 0:06:08]} 51. Ka3
{[%clk 0:04:13]} bxa4 {[%clk 0:05:23]} 52. Qf1+ {[%clk 0:03:09]} Kg3
{[%clk 0:03:56]} 53. Qe1+ {[%clk 0:03:38]} Kf4 {[%clk 0:03:49]} 54. Qc1+
{[%clk 0:04:06]} Kf5 {[%clk 0:03:29]} 55. Kxa4 {[%clk 0:04:34]} g4
{[%clk 0:03:36]} 56. Qc8+ {[%clk 0:03:56]} Kg5 {[%clk 0:03:07]} 57. b4
{[%clk 0:03:57]} g3 {[%clk 0:03:14]} 58. Qc1+ {[%clk 0:02:53]} Kg4
{[%clk 0:03:20]} 59. b5 {[%clk 0:02:49]} Qd4+ {[%clk 0:02:44]} 60. Ka5
{[%clk 0:03:14]} g2 {[%clk 0:03:04]} 61. Qc8+ {[%clk 0:03:10]} f5
{[%clk 0:03:16]} 62. Qg8+ {[%clk 0:03:38]} Kf3 {[%clk 0:03:11]} 63. Qb3+
{[%clk 0:04:05]} Kf4 {[%clk 0:03:24]} 0-1

[Event "WCO2014"]
[Site "Tromso"]
[Date "2014.08.05"]
[Round "4.46"]
[WhiteID "14907526"]
[White "Michalik Peter"]
[BlackID "3409350"]
[Black "Henriquez Villagra Cristobal"]
[Result "0-1"]
[LiveChessVersion "1.4.3"]
[BlackElo "2457"]
[WhiteElo "2586"]

1. d4 {[%clk 1:30:59]} Nf6 {[%clk 1:30:44]} 2. c4 {[%clk 1:31:22]} e6
{[%clk 1:31:01]} 3. Nf3 {[%clk 1:31:41]} Bb4+ {[%clk 1:30:59]} 4. Bd2
{[%clk 1:32:04]} Qe7 {[%clk 1:31:00]} 5. g3 {[%clk 1:32:23]} Nc6 {[%clk 1:31:01]}
6. Nc3 {[%clk 1:32:45]} O-O {[%clk 1:30:45]} 7. Bg2 {[%clk 1:32:47]} Na5
{[%clk 1:30:20]} 8. b3 {[%clk 1:29:56]} b6 {[%clk 1:29:59]} 9. O-O
{[%clk 1:17:22]} Bb7 {[%clk 1:29:55]} 10. Qc2 {[%clk 1:17:45]} h6
{[%clk 1:30:04]} 11. Rfe1 {[%clk 1:14:37]} Bxc3 {[%clk 1:26:17]} 12. Bxc3
{[%clk 1:14:58]} Be4 {[%clk 1:26:41]} 13. Qb2 {[%clk 1:14:18]} Nb7
{[%clk 1:24:21]} 14. Bh3 {[%clk 1:11:50]} d5 {[%clk 1:15:14]} 15. Ne5
{[%clk 1:05:33]} a5 {[%clk 1:06:14]} 16. f3 {[%clk 0:52:58]} Bh7 {[%clk 1:06:20]}
17. Bg2 {[%clk 0:53:07]} Nd6 {[%clk 1:01:49]} 18. Rac1 {[%clk 0:51:22]} dxc4
{[%clk 0:28:25]} 19. bxc4 {[%clk 0:42:57]} Rfc8 {[%clk 0:19:12]} 20. e4
{[%clk 0:41:23]} Nd7 {[%clk 0:15:37]} 21. c5 {[%clk 0:34:24]} bxc5
{[%clk 0:09:57]} 22. Nc6 {[%clk 0:30:39]} Qf8 {[%clk 0:06:51]} 23. dxc5
{[%clk 0:30:35]} Nxc5 {[%clk 0:03:29]} 24. Bxg7 {[%clk 0:30:43]} Qxg7
{[%clk 0:03:50]} 25. Qxg7+ {[%clk 0:28:48]} Kxg7 {[%clk 0:04:18]} 26. Rxc5
{[%clk 0:29:08]} a4 {[%clk 0:04:27]} 27. Bf1 {[%clk 0:26:49]} Kf8
{[%clk 0:04:06]} 28. a3 {[%clk 0:26:24]} Nb7 {[%clk 0:01:46]} 29. Rc3
{[%clk 0:26:00]} Nd8 {[%clk 0:01:42]} 30. Ne5 {[%clk 0:26:11]} f6
{[%clk 0:01:01]} 31. Nd7+ {[%clk 0:24:32]} Ke7 {[%clk 0:01:24]} 32. Nc5
{[%clk 0:24:58]} Bg6 {[%clk 0:01:39]} 33. Na6 {[%clk 0:21:44]} Ra7
{[%clk 0:01:18]} 34. Rec1 {[%clk 0:21:45]} c6 {[%clk 0:01:44]} 35. Nc5
{[%clk 0:20:41]} Rb8 {[%clk 0:01:52]} 36. Be2 {[%clk 0:19:13]} e5
{[%clk 0:00:42]} 37. Rc4 {[%clk 0:18:45]} Be8 {[%clk 0:00:36]} 38. Bd1
{[%clk 0:18:46]} Rba8 {[%clk 0:00:33]} 39. Nxa4 {[%clk 0:17:18]} Ne6
{[%clk 0:00:34]} 40. Rb4 {[%clk 0:15:21]} c5 {[%clk 0:00:33]} 41. Nxc5
{[%clk 0:15:34]} Rc8 {[%clk 0:00:38]} 42. Rbc4 {[%clk 0:02:01]} Rac7
{[%clk 0:00:35]} 43. Kf2 {[%clk 0:18:42]} Nxc5 {[%clk 0:31:15]} 44. Ke3
{[%clk 0:18:59]} Kd6 {[%clk 0:29:11]} 45. Be2 {[%clk 0:17:24]} Bb5
{[%clk 0:21:11]} 46. R4c3 {[%clk 0:16:24]} Bxe2 {[%clk 0:21:21]} 47. Kxe2
{[%clk 0:16:50]} Nb3 {[%clk 0:13:16]} 0-1

[Event "WCO2014"]
[Site "Tromso"]
[Date "2014.08.05"]
[Round "4.45"]
[WhiteID "3401294"]
[White "Valenzuela Fuentealba Luis"]
[BlackID "14901625"]
[Black "Petrik Tomas"]
[Result "1/2-1/2"]
[LiveChessVersion "1.4.3"]
[BlackElo "2487"]
[WhiteElo "2455"]

1. d4 {[%clk 1:30:50]} Nf6 {[%clk 1:30:50]} 2. Nf3 {[%clk 1:30:57]} e6
{[%clk 1:30:50]} 3. c4 {[%clk 1:31:03]} b6 {[%clk 1:30:28]} 4. g3
{[%clk 1:30:33]} Ba6 {[%clk 1:30:06]} 5. b3 {[%clk 1:30:10]} Bb7 {[%clk 1:27:57]}
6. Bg2 {[%clk 1:29:27]} Bb4+ {[%clk 1:28:04]} 7. Bd2 {[%clk 1:28:19]} a5
{[%clk 1:27:52]} 8. O-O {[%clk 1:25:45]} O-O {[%clk 1:27:38]} 9. Qc2
{[%clk 1:23:33]} d6 {[%clk 1:25:01]} 10. Nc3 {[%clk 1:21:11]} Nbd7
{[%clk 1:24:59]} 11. Rfe1 {[%clk 1:20:00]} Bxc3 {[%clk 1:20:41]} 12. Bxc3
{[%clk 1:20:19]} Be4 {[%clk 1:20:39]} 13. Qd2 {[%clk 1:17:05]} Qe7
{[%clk 1:12:49]} 14. Qf4 {[%clk 1:00:30]} c6 {[%clk 1:04:53]} 15. Ne5
{[%clk 0:46:02]} Bxg2 {[%clk 0:32:04]} 16. Nxd7 {[%clk 0:46:04]} Qxd7
{[%clk 0:32:21]} 17. Kxg2 {[%clk 0:46:24]} d5 {[%clk 0:32:31]} 18. f3
{[%clk 0:43:20]} a4 {[%clk 0:32:35]} 19. Qd2 {[%clk 0:40:20]} Ra7
{[%clk 0:27:53]} 20. Qd3 {[%clk 0:33:54]} axb3 {[%clk 0:25:59]} 21. axb3
{[%clk 0:33:26]} Rfa8 {[%clk 0:26:21]} 22. c5 {[%clk 0:23:24]} bxc5
{[%clk 0:15:04]} 23. dxc5 {[%clk 0:23:34]} Ne8 {[%clk 0:15:18]} 24. Rxa7
{[%clk 0:21:50]} Rxa7 {[%clk 0:15:42]} 25. Ra1 {[%clk 0:22:03]} Rxa1
{[%clk 0:11:12]} 26. Bxa1 {[%clk 0:22:22]} Nc7 {[%clk 0:11:35]} 27. Qd4
{[%clk 0:13:33]} f6 {[%clk 0:11:46]} 28. Qg4 {[%clk 0:11:25]} Qd8
{[%clk 0:11:40]} 29. Bc3 {[%clk 0:11:17]} Qe7 {[%clk 0:08:46]} 30. b4
{[%clk 0:11:08]} Kf8 {[%clk 0:07:09]} 31. Kf2 {[%clk 0:09:00]} Qe8
{[%clk 0:06:52]} 32. Qf4 {[%clk 0:08:01]} e5 {[%clk 0:06:30]} 33. Qf5
{[%clk 0:08:01]} Kg8 {[%clk 0:06:31]} 34. h4 {[%clk 0:06:59]} Qe6
{[%clk 0:02:13]} 35. Qxe6+ {[%clk 0:05:43]} Nxe6 {[%clk 0:02:41]} 36. e4
{[%clk 0:05:39]} d4 {[%clk 0:00:56]} 37. Bd2 {[%clk 0:05:53]} h5 {[%clk 0:01:06]}
38. Ke2 {[%clk 0:01:25]} Kf7 {[%clk 0:01:23]} 39. f4 {[%clk 0:01:11]} Nc7
{[%clk 0:00:44]} 40. Kd3 {[%clk 0:01:16]} g6 {[%clk 0:00:35]} 41. Bc1
{[%clk 0:27:56]} Ke6 {[%clk 0:27:49]} 42. Bd2 {[%clk 0:28:01]} Nb5
{[%clk 0:25:48]} 43. Be1 {[%clk 0:27:36]} Nc7 {[%clk 0:13:48]} 44. Bd2
{[%clk 0:27:46]} Kd7 {[%clk 0:13:22]} 45. Kc4 {[%clk 0:22:17]} Kc8
{[%clk 0:13:03]} 46. Bc1 {[%clk 0:22:11]} Nb5 {[%clk 0:12:25]} 47. Bd2
{[%clk 0:18:57]} Na3+ {[%clk 0:12:01]} 48. Kd3 {[%clk 0:18:09]} Nb1
{[%clk 0:05:31]} 49. Be1 {[%clk 0:16:54]} Na3 {[%clk 0:05:04]} 50. Bd2
{[%clk 0:16:58]} Kc7 {[%clk 0:05:05]} 51. Be1 {[%clk 0:16:27]} Kd7
{[%clk 0:03:53]} 52. Bd2 {[%clk 0:15:41]} Ke6 {[%clk 0:04:17]} 53. Bc1
{[%clk 0:14:50]} Nb5 {[%clk 0:04:41]} 54. Bd2 {[%clk 0:15:13]} Nc7
{[%clk 0:01:37]} 55. Kc4 {[%clk 0:13:48]} Nb5 {[%clk 0:02:01]} 56. Kd3
{[%clk 0:14:12]} Nc7 {[%clk 0:01:04]} 1/2-1/2

[Event "WCO2014"]
[Site "Tromso"]
[Date "2014.08.05"]
[Round "4.29"]
[WhiteID "1710400"]
[White "Grandelius Nils"]
[BlackID "2300087"]
[Black "Stefansson Hannes"]
[Result "1/2-1/2"]
[LiveChessVersion "1.4.3"]
[BlackElo "2536"]
[WhiteElo "2571"]

1. e4 {[%clk 1:30:53]} e5 {[%clk 1:30:31]} 2. Nf3 {[%clk 1:31:14]} Nc6
{[%clk 1:30:47]} 3. Bb5 {[%clk 1:31:39]} Nf6 {[%clk 1:30:51]} 4. O-O
{[%clk 1:29:13]} Nxe4 {[%clk 1:31:11]} 5. d4 {[%clk 1:29:19]} Nd6
{[%clk 1:31:14]} 6. dxe5 {[%clk 1:28:55]} Nxb5 {[%clk 1:29:42]} 7. a4
{[%clk 1:29:17]} Nbd4 {[%clk 1:24:21]} 8. Nxd4 {[%clk 1:28:25]} Nxd4
{[%clk 1:24:36]} 9. Qxd4 {[%clk 1:28:43]} d5 {[%clk 1:23:33]} 10. exd6
{[%clk 1:28:37]} Qxd6 {[%clk 1:23:31]} 11. Qe3+ {[%clk 1:28:56]} Be7
{[%clk 0:59:20]} 12. Nc3 {[%clk 1:28:05]} O-O {[%clk 0:54:59]} 13. Nb5
{[%clk 1:26:51]} Qd8 {[%clk 0:54:49]} 14. Re1 {[%clk 1:21:36]} Bd6
{[%clk 0:47:11]} 15. b3 {[%clk 1:00:32]} Qf6 {[%clk 0:42:51]} 16. Bd2
{[%clk 0:56:06]} Bd7 {[%clk 0:40:40]} 17. Nxd6 {[%clk 0:33:57]} Qxd6
{[%clk 0:39:58]} 18. Qf4 {[%clk 0:33:10]} Qxf4 {[%clk 0:38:07]} 19. Bxf4
{[%clk 0:33:38]} Rfe8 {[%clk 0:37:35]} 20. c3 {[%clk 0:32:43]} c6
{[%clk 0:37:39]} 21. a5 {[%clk 0:32:55]} Rxe1+ {[%clk 0:37:53]} 22. Rxe1
{[%clk 0:33:21]} Re8 {[%clk 0:37:51]} 23. Be3 {[%clk 0:31:02]} a6
{[%clk 0:36:59]} 24. Rd1 {[%clk 0:31:18]} Be6 {[%clk 0:37:14]} 25. b4
{[%clk 0:26:45]} f6 {[%clk 0:37:16]} 26. Rd6 {[%clk 0:26:31]} Kf7
{[%clk 0:37:17]} 27. f3 {[%clk 0:26:19]} Re7 {[%clk 0:37:31]} 28. Kf2
{[%clk 0:25:31]} Rd7 {[%clk 0:37:44]} 29. Bc5 {[%clk 0:25:34]} Rxd6
{[%clk 0:38:08]} 30. Bxd6 {[%clk 0:26:00]} Bc4 {[%clk 0:38:03]} 1/2-1/2